| 000 | 01103nam a22002417a 4500 | ||
|---|---|---|---|
| 001 | BINCO | ||
| 003 | CO-MdBIC | ||
| 005 | 20220423174151.0 | ||
| 008 | 220423b2012 mx a|||| |||| 00| 0 spa d | ||
| 020 | _a9786077730781 | ||
| 040 |
_a CO-MdBIC _bspa. _cCO-MdBIC _d CO-MdBIC |
||
| 041 | _aspa | ||
| 082 |
_222 _a868 _bAL472 |
||
| 100 | _a Alvarado Zemleduch, Cesia | ||
| 245 |
_aAmigos de Jesus _c/ Alvarado Zemleduch, Cesia, escritor |
||
| 250 | _aPrimera edición | ||
| 260 | 1 |
_aMéxico: _bGema, _c[2012] |
|
| 260 | 4 | _a© 2012 | |
| 300 |
_a182 paginas; _bilustraciones a color: _c21 cm. |
||
| 500 | _a¡Qué importante es tener amigos! Todos los niños necesitan amigos. Pero hay alguien especial que disfruta la amistad de todos los pequeños: Jesús. La simpatía de un niño es sumamente valiosa para él. La biblia dice que Jesús se acercó a los niños y fueron un elemento fundamental de su ministerio. Gracias a las lecturas de este libro, tanto grandes como pequeños tendrán el privilegio de conocer a Jesús. | ||
| 650 | 7 |
_9100 _aEducación infantil _xhistorias biblicas |
|
| 942 | _cLGB | ||
| 999 |
_c67783 _d67783 |
||